Trattato di Geodesia teoretica / (Record no. 120598)

MARC details
000 -LEADER
campo de control de longitud fija 00440nam a2200157 4500
001 - NÚMERO DE CONTROL
campo de control 120598
003 - IDENTIFICADOR DE NÚMERO DE CONTROL
campo de control ES-MaACL
005 - FECHA Y HORA DE LA ÚLTIMA TRANSACCIÓN
campo de control 20230906191601.0
007 - CAMPO FIJO DE DESCRIPCIÓN FÍSICA--INFORMACIÓN GENERAL
campo de control de longitud fija t|
008 - DATOS DE LONGITUD FIJA--INFORMACIÓN GENERAL
campo de control de longitud fija 070214s1928 it r ||||1| ita d
100 1# - ENTRADA PRINCIPAL--NOMBRE DE PERSONA
Nombre de persona Pizzetti, Paolo.
9 (RLIN) 92461
245 10 - MENCIÓN DEL TÍTULO
Título Trattato di Geodesia teoretica /
Mención de responsabilidad, etc. Paolo Pizzetti.
260 ## - PUBLICACIÓN, DISTRIBUCIÓN, ETC.
Lugar de publicación, distribución, etc. Bologna :
Nombre del editor, distribuidor, etc. [s. n.],
Fecha de publicación, distribución, etc. 1928 (
Fabricante Tip. Azzoguidi)
300 ## - DESCRIPCIÓN FÍSICA
Extensión VI, 457 p. ;
Dimensiones 24 x 15 cm.
852 ## - LOCALIZACIÓN
Ubicación ES-MaACL
Número de control de estantería A-3647
Holdings
Estatus retirado Estado de pérdida Estado de daño No para préstamo Biblioteca de origen Biblioteca actual Ubicación en estantería Fecha de adquisición Fuente de adquisición Total de préstamos Signatura topográfica completa Código de barras Visto por última vez Precio de reemplazo Tipo de ítem Koha
        Biblioteca del Ateneo de Madrid Biblioteca del Ateneo de Madrid Sala Pecera Planta 1 17/01/2008     A-3647 1125703 23/02/2023 23/02/2023 Libro impreso